000 00476cam a22001337a 4500
008 180718b2004 xxu||||| |||| 00| 0 eng d
082 _aAPPPA/2003-04/JAI/14
100 _aJai Kumar, G.
245 _aFeasibility of privatisation of defence production
_cby G. Jai Kumar
260 _aNew Delhi
_bIndian Institute of Public Administration
_c2004
300 _a131p.
500 _aAn APPPA M.Phil dissertation, 2003-04 (Guide: Prof. Pranab Banerji)
650 _aDefense industries
999 _c492934
_d492934